000 00820nam a2200301Ia 4500
003 OSt
005 20220912144543.0
006 a|||||r|||| 00| 0
007 ta
008 220909b |||||||| |||| 00| 0 eng d
020 _a8185047626 (hbk)
020 _aSL0859926
024 _a193360
037 _cTextual
040 _aCSL
_beng
_cCSL
041 _aeng
082 _aX8(M97).2, N0
100 _aParameswara S
245 0 _aDevelopment and backwardness: coexistence or confrontation
260 _aNew Delhi
_b Reliance publishing house
_c1990
300 _axv, 150p. ill.
500 _aReferences 141-150p.
650 _a Case studies
650 _aDevelopment agencies
700 _aParameswara S
942 _hX8(M97).2, N0
_cTEXL
_2CC
999 _c11854
_d11854